¡Beso, beso! / (Record no. 174095)

MARC details
000 -CABECERA
campo de control de longitud fija 00678nam a2200217 u 4500
005 - FECHA Y HORA DE LA ÚLTIMA TRANSACCIÓN
campo de control 20231125063629.0
008 - ELEMENTOS DE LONGITUD FIJA--INFORMACIÓN GENERAL
campo de control de longitud fija 150223s2003 Ve r 000 0 spa d
020 ## - NÚMERO INTERNACIONAL NORMALIZADO PARA LIBROS
Número Internacional Estándar del Libro 9802573094
035 ## - NÚMERO DE CONTROL DEL SISTEMA
Número de control de sistema UPN01000201994
049 ## - COLECCIÓN
Colección I
050 #4 - SIGNATURA TOPOGRÁFICA DE LA BIBLIOTECA DEL CONGRESO
Número de clasificación PZ76.3
Número de documento/Ítem W5.2
100 1# - ASIENTO PRINCIPAL--NOMBRE PERSONAL
Nombre de persona Wild, Margaret,
Fechas asociadas al nombre 1948-
9 (RLIN) 36684
245 11 - MENCIÓN DE TÍTULO
Título ¡Beso, beso! /
Mención de responsabilidad, etc. Margaret Wild, Bridget Strevens-Marzo ; tr. Verónica Uribe.
260 ## - PUBLICACIÓN, DISTRIBUCIÓN, ETC.
Lugar de publicación, distribución, etc. Caracas :
Nombre del editor, distribuidor, etc. Ekaré,
Fecha de publicación, distribución, etc. 2003.
300 ## - DESCRIPCIÓN FÍSICA
Extensión [24] p. :
Otras características físicas principalmente il. col.
650 #7 - ASIENTO SECUNDARIO DE MATERIA - TERMINO TEMATICO
Término de materia o nombre geográfico como elemento de entrada Animales
Subdivisión de forma Literatura infantil
Fuente del encabezamiento o término
9 (RLIN) 1061
650 #2 - ASIENTO SECUNDARIO DE MATERIA - TERMINO TEMATICO
Término de materia o nombre geográfico como elemento de entrada Relación madre-hijo
9 (RLIN) 21217
700 1# - ASIENTO SECUNDARIO--NOMBRE DE PERSONAL
Nombre de persona Strevens-Marzo, Bridget ,
Término indicativo de función/relación coaut.
905 ## - TIPO DE MATERIAL
Tipo de material Infantil
Holdings
Estado de retiro Estado de pérdida Fuente del sistema de clasificación o colocación Estado dañado No para préstamo Código de colección Localización permanente Ubicación/localización actual Ubicación en estantería Total de préstamos Clasificación Código de barras Fecha visto por última vez Número de copia Tipo de ítem Koha
    Library of Congress Classification     Infantil Bib. Gregorio Torres Quintero Bib. Gregorio Torres Quintero Sala infantil Planta baja 2 PZ76.3 W5.2 300486 31/12/2020 1 Libro